| 000 | 00377nam a2200145Ia 4500 | ||
|---|---|---|---|
| 008 | 150201s2010 xx 000 0 und d | ||
| 082 |
_a610.7 _bN10C |
||
| 100 | _aCLEMENT , I. | ||
| 245 | _aNURSING SOLVED QUSTION PAPERS FOR B.SC. NURSING 1ST YEAR (2010-1999) | ||
| 250 | _a1ST | ||
| 260 |
_bJAYPEE _aDELHI _c2010 |
||
| 300 | _a1273 | ||
| 650 | _aNURSING | ||
| 942 |
_2ddc _cBK _021 |
||
| 999 |
_c2125 _d2125 |
||